000 00551nam a2200181Ia 4500
008 190427s9999 xx 000 0 und d
100 _aChen Leida
245 _aMobile work continuance of knowledge workers: An Empirical Study /
245 _cLeida Chen.--
260 _bTaylor and Francis Group
260 _c2018
300 _apages 131-141, 2018
440 _aJournal of Computer Inforamation System
_v58(2)
650 _aEmpirical study
650 _aExpectation-confirmation theory
650 _aIS continuance
650 _aMobile work
999 _c361719
_d361719